000 01147nam a2200301 i 4500
003 EG-GICUC
005 20260426075028.0
008 260426s2009 |||||||fr|||| 00| 0 ara d
040 _a EG-GICUC
_bara
_c EG-GICUC
_d EG-GICUC
_erda
082 0 4 _221
_a341.48
_bط ا . ح
092 0 4 _221
099 _aLaw1 11 341.48 ط ا . ح 2009
100 0 _aطارق زغلول
_eمؤلف.
245 1 0 _aحالة حقوق الإنسان فى مصر :
_bالتقرير السنوي لعام ٢٠٠٨ /
_cطارق زغلول.
250 _aالطبعة الأولى
264 1 _aالقاهرة :
_bالمنظمة المصرية لحقوق الإنسان،
_c2009.
300 _a632 صفحة
_bإيضاحيات، صور، مثيليات ؛
_c24 سم
336 _2rda content
_atext
337 _2rda media
_aComputer
338 _2rda carrier
_aOnline Resource
504 _a. 240-220 ببليوجرافيا: صفحات.
546 _aالنص باللغة العربية
650 1 4 _aحقوق الانسان
_2
651 1 _2
856 4 0 _uhttps://fll.law.cu.edu.eg/fulltext/bks/B11-10050.pdf
905 _a50
942 _2ddc
_cBK
_e21
_n0
999 _c73385
_d73385